000 00781nam a2200229Ia 4500
008 191130s2006##################000#0#eng##
020 _a9788121104906
022 _a2006413584
040 _aACL
_cACL
082 _a577.0720954 KAN
245 _aAdvancing frontiers of ecological researches in India : prof. G.P. Mishra commemoration volume
_ceditors, A.K. Kandya, Asha Gupta
260 _aDehra Dun
_bBishen Singh Mahendra Pal Singh
_c2006
300 _axxix, 736 p., [1] leaf of plates : ill. (some col.), maps ; 25 cm
500 _aIncludes bibliographical references
650 _aEcology - India
700 _aGupta, Asha
700 _aKandya, A. K
700 _aMishra, G. P
990 _af7e255f8ac10000c2b1241cff2bd5d41
991 _a256569
999 _c363736
_d363736